Statistics for Name All Pokemon That Can Mega Evolve

Click here to take the quiz!

General Stats

  • This quiz has been taken 248 times
  • The average score is 31 of 48

Answer Stats

Pokedex NumberPokemon% Correct
003Venusaur
96%
009Blastoise
93%
006Charizard X
85%
006Charizard Y
85%
015Beedrill
81%
150Mewtwo X
78%
150Mewtwo Y
78%
018Pidgeot
78%
257Blaziken
77%
254Sceptile
75%
260Swampert
75%
094Gengar
74%
130Gyarados
72%
065Alakazam
70%
127Pinsir
70%
282Gardevoir
66%
448Lucario
66%
384Rayquaza
66%
531Audino
63%
380Latias
63%
381Latios
63%
376Metagross
63%
229Houndoom
62%
115Kangaskhan
62%
475Gallade
61%
373Salamence
61%
445Garchomp
60%
214Heracross
60%
303Mawile
60%
212Scizor
59%
306Aggron
58%
181Ampharos
58%
721Diancie
58%
208Steelix
58%
248Tyranitar
58%
359Absol
57%
142Aerodactyl
57%
302Sableye
57%
428Lopunny
55%
319Sharpedo
55%
334Altaria
53%
323Camerupt
53%
310Manectric
53%
080Slowbro
53%
460Abomasnow
51%
362Glalie
51%
354Banette
46%
308Medicham
43%

Score Distribution

Percentile by Number Answered

Percent of People with Each Score

Your Score History

You have not taken this quiz